000 00508nam a22001817a 4500
005 20180426124847.0
010 _aENG-122678
020 _a9789386338288
_c299.00
035 _aEN-106210
037 _bDBAD/PUB
082 _aN
100 _aGhose, Sudhin N.
245 _aAnd gazlles leaping /
_cby Sudhin N. Ghose
260 _aNew Delhi
_bSpeaking Tiger Publications
_c2017
270 _a4381/4, Ansari Road, Daryaganj,
_bNew Delhi
_e110002
300 _a207p.
_c21cm(pbk)
942 _2ddc
_cEN
_mGHO
_hN
999 _c151768
_d151768